Online katalóg knižníc regiónu Turca

Veľké bitky druhej svetovej vojny (Record no. 22999)

MARC details
000 -LEADER
fixed length control field 01472nam a2200433 a 4500
001 - CONTROL NUMBER
control field 22999
003 - CONTROL NUMBER IDENTIFIER
control field SK-KTurca
005 - DATE AND TIME OF LATEST TRANSACTION
control field 20260513140138.0
008 - FIXED-LENGTH DATA ELEMENTS--GENERAL INFORMATION
fixed length control field 240314s2002 xo aba r 1yy0 slo
015 ## - NATIONAL BIBLIOGRAPHY NUMBER
National bibliography number SNBA2003/01-00010
020 ## - INTERNATIONAL STANDARD BOOK NUMBER
International Standard Book Number 8071456691
035 ## - SYSTEM CONTROL NUMBER
System control number SNK000396815
035 ## - SYSTEM CONTROL NUMBER
System control number urn:nbn:sk:snk-amyb00
035 ## - SYSTEM CONTROL NUMBER
System control number urn:nbn:sk:snk-am00c5t9
035 ## - SYSTEM CONTROL NUMBER
System control number EF88EE78-47C8-43BB-B604-89B00A738ED2
040 ## - CATALOGING SOURCE
Original cataloging agency SNK
Language of cataloging slo
Transcribing agency SNK
Description conventions AACR2
041 0# - LANGUAGE CODE
Language code of text/sound track or separate title slo
044 ## - COUNTRY OF PUBLISHING/PRODUCING ENTITY CODE
MARC country code xo
ISO country code SK
080 ## - UNIVERSAL DECIMAL CLASSIFICATION NUMBER
Universal Decimal Classification number 940.93
Edition identifier 1981
080 ## - UNIVERSAL DECIMAL CLASSIFICATION NUMBER
Universal Decimal Classification number 930.9"18/19"
Edition identifier 1981
100 1# - MAIN ENTRY--PERSONAL NAME
Personal name MacDonald, John,
Numeration 1945-
Relationship aut
240 10 - UNIFORM TITLE
Uniform title Great Battles of World War 2
Language of a work Slovensky
245 10 - TITLE STATEMENT
Title Veľké bitky druhej svetovej vojny
Statement of responsibility, etc. John Macdonald ; predhovor John Hackett ; [z anglického originálu preložil Peter Draškaba, Alžbeta Sopúšková, Svatava Šimková]
250 ## - EDITION STATEMENT
Edition statement 2. slov. vyd.
260 ## - PUBLICATION, DISTRIBUTION, ETC.
Place of publication, distribution, etc. Bratislava
Name of publisher, distributor, etc. Slovart
Date of publication, distribution, etc. 2002
300 ## - PHYSICAL DESCRIPTION
Extent 192 s.
Other physical details fotogr., mp.
Dimensions 32 cm
500 ## - GENERAL NOTE
General note Ilustr. na front.
500 ## - GENERAL NOTE
General note Údaj o prekl. prevzatý z rubu tit. strany
504 ## - BIBLIOGRAPHY, ETC. NOTE
Bibliography, etc. note Bibliogr. s. 188. Reg.
650 07 - SUBJECT ADDED ENTRY--TOPICAL TERM
Topical term or geographic name entry element druhá svetová vojna (1939-1945)
Source of heading or term SNK
650 07 - SUBJECT ADDED ENTRY--TOPICAL TERM
Topical term or geographic name entry element bitky svetové
General subdivision dejiny
Source of heading or term SNK
655 #7 - INDEX TERM--GENRE/FORM
Genre/form data or focus term príručky
Source of term SNK
700 1# - ADDED ENTRY--PERSONAL NAME
Personal name Hackett, John
Relationship aui
700 1# - ADDED ENTRY--PERSONAL NAME
Personal name Draškaba, Peter,
Dates associated with a name 1945-
Relationship trl
700 1# - ADDED ENTRY--PERSONAL NAME
Personal name Sopúšková, Alžbeta
Relationship trl
700 1# - ADDED ENTRY--PERSONAL NAME
Personal name Šimková, Svatava,
Dates associated with a name 1951-
Relationship trl
942 ## - ADDED ENTRY ELEMENTS (KOHA)
Source of classification or shelving scheme Dewey Decimal Classification
Koha item type Odborná literatúra pre dospelých
Suppress in OPAC No
Holdings
Stav vyradenia Strata Poškodenie Spôsob nadobudnutia Domovská knižnica Aktuálna knižnica Dátum nadobudnutia Total checkouts Čiarový kód exemplára Date last seen Typ exemplára
      Dar Obecná knižnica Turčianska Štiavnička Obecná knižnica Turčianska Štiavnička 13.05.2026   4738001301 13.05.2026 Odborná literatúra pre dospelých
Projekt je podporený Slovenskou asociáciou knižníc
Prevádzkuje Turčianska knižnica Martin 2026